00390 a2200133 4500001001000000005001700010008004100027245005200068100002000120700001800140700002500158773005600183999001700239ART_3800720260410161751.0260409a 10aEl blanqueo de moneda extranjera en el exterior1 aKaplan, Hugo E.1 aVolman, Mario1 aGraña, Fabián P.0 tDoctrina tributariag- Nº 418 (ene. 2015)wREV4296 c19698d19698